<?xml version="1.0" encoding="UTF-8"?>
<record
    xmlns:xsi="http://www.w3.org/2001/XMLSchema-instance"
    xsi:schemaLocation="http://www.loc.gov/MARC21/slim http://www.loc.gov/standards/marcxml/schema/MARC21slim.xsd"
    xmlns="http://www.loc.gov/MARC21/slim">

  <leader>01415nam0a2200325   4500</leader>
  <controlfield tag="001">RU\NLR\bibl\64914</controlfield>
  <controlfield tag="005">20260406054951.0</controlfield>
  <datafield tag="010" ind1=" " ind2=" ">
    <subfield code="a">5-89768-001-9</subfield>
  </datafield>
  <datafield tag="021" ind1=" " ind2=" ">
    <subfield code="a">RU</subfield>
    <subfield code="b">98-46941</subfield>
    <subfield code="9">2259</subfield>
  </datafield>
  <datafield tag="035" ind1=" " ind2=" ">
    <subfield code="a">(NLR Aleph) 000063319</subfield>
  </datafield>
  <datafield tag="090" ind1=" " ind2=" ">
    <subfield code="a">346033</subfield>
    <subfield code="c">346033</subfield>
  </datafield>
  <datafield tag="100" ind1=" " ind2=" ">
    <subfield code="a">19991221d1998    |||y0rusy50      ca</subfield>
  </datafield>
  <datafield tag="101" ind1="1" ind2=" ">
    <subfield code="a">rus</subfield>
    <subfield code="c">eng</subfield>
    <subfield code="d">eng</subfield>
  </datafield>
  <datafield tag="102" ind1=" " ind2=" ">
    <subfield code="a">RU</subfield>
  </datafield>
  <datafield tag="105" ind1=" " ind2=" ">
    <subfield code="a">a   |||||||||</subfield>
  </datafield>
  <datafield tag="200" ind1="1" ind2=" ">
    <subfield code="a">&#x41E;&#x442; &#x438;&#x43C;&#x435;&#x43D;&#x438; &#x441;&#x432;&#x43E;&#x435;&#x433;&#x43E; &#x43D;&#x430;&#x440;&#x43E;&#x434;&#x430;</subfield>
    <subfield code="e">[&#x412;&#x44B;&#x441;&#x442;&#x443;&#x43F;&#x43B;&#x435;&#x43D;&#x438;&#x44F;]</subfield>
    <subfield code="f">&#x414;-&#x440; &#x41C;&#x430;&#x445;&#x430;&#x442;&#x445;&#x438;&#x440; &#x41C;&#x43E;&#x445;&#x430;&#x43C;&#x430;&#x434;</subfield>
    <subfield code="g">[&#x41F;&#x435;&#x440;. &#x441; &#x430;&#x43D;&#x433;&#x43B;. &#x41A;&#x430;&#x440;&#x433;&#x430;&#x43D;&#x43E;&#x432;&#x43E;&#x439; &#x422;.&#x410;.</subfield>
    <subfield code="g">&#x412;&#x441;&#x442;&#x443;&#x43F;. &#x441;&#x442;. &#x438; &#x43F;&#x440;&#x438;&#x43C;. &#x413;&#x43E;&#x43D;&#x447;&#x430;&#x440;&#x435;&#x43D;&#x43A;&#x43E; &#x421;.&#x41D;., &#x434;.&#x438;&#x441;&#x442;.&#x43D;. ]</subfield>
    <subfield code="g">&#x418;&#x43D;-&#x442; &#x414;&#x430;&#x43B;. &#x412;&#x43E;&#x441;&#x442;&#x43E;&#x43A;&#x430; &#x420;&#x410;&#x41D;</subfield>
  </datafield>
  <datafield tag="210" ind1=" " ind2=" ">
    <subfield code="a">&#x41C;.</subfield>
    <subfield code="c">&#x41B;&#x435;&#x442;&#x43E;&#x43F;&#x438;&#x441;&#x44C;</subfield>
    <subfield code="d">1998</subfield>
  </datafield>
  <datafield tag="215" ind1=" " ind2=" ">
    <subfield code="a">[1],279, [1]c.</subfield>
    <subfield code="c">&#x446;&#x432;. &#x43F;&#x43E;&#x440;&#x442;&#x440;.</subfield>
    <subfield code="d">20</subfield>
  </datafield>
  <datafield tag="300" ind1=" " ind2=" ">
    <subfield code="a">&#x420;&#x435;&#x437;. &#x43D;&#x430; &#x430;&#x43D;&#x433;&#x43B;. &#x44F;&#x437;.</subfield>
  </datafield>
  <datafield tag="600" ind1=" " ind2="1">
    <subfield code="a">&#x41C;&#x43E;&#x445;&#x430;&#x43C;&#x430;&#x434;</subfield>
    <subfield code="b">&#x41C;.</subfield>
    <subfield code="f">1925</subfield>
    <subfield code="g">&#x41C;&#x430;&#x445;&#x430;&#x442;&#x445;&#x438;&#x440;</subfield>
    <subfield code="j">&#x41B;&#x435;&#x43A;&#x446;&#x438;&#x438;, &#x434;&#x43E;&#x43A;&#x43B;&#x430;&#x434;&#x44B; &#x438; &#x442;.&#x43F;.</subfield>
    <subfield code="9">2143386</subfield>
    <subfield code="3">RU\NLR\auth\661291597</subfield>
  </datafield>
  <datafield tag="607" ind1=" " ind2=" ">
    <subfield code="a">&#x41C;&#x430;&#x43B;&#x430;&#x439;&#x437;&#x438;&#x44F;</subfield>
    <subfield code="j">&#x41B;&#x435;&#x43A;&#x446;&#x438;&#x438;, &#x434;&#x43E;&#x43A;&#x43B;&#x430;&#x434;&#x44B; &#x438; &#x442;.&#x43F;.</subfield>
    <subfield code="x">&#x418;&#x441;&#x442;&#x43E;&#x440;&#x438;&#x44F;</subfield>
    <subfield code="z">1945 -</subfield>
    <subfield code="9">2143396</subfield>
    <subfield code="3">RU\NLR\auth\661291603</subfield>
  </datafield>
  <datafield tag="686" ind1=" " ind2=" ">
    <subfield code="a">&#x422;3(5&#x41C;)63-8,013</subfield>
  </datafield>
  <datafield tag="686" ind1=" " ind2=" ">
    <subfield code="a">&#x422;3(5&#x41C;)63,013</subfield>
  </datafield>
  <datafield tag="700" ind1=" " ind2="0">
    <subfield code="4">070</subfield>
    <subfield code="8">rus</subfield>
    <subfield code="7">ca</subfield>
    <subfield code="a">&#x41C;&#x430;&#x445;&#x430;&#x442;&#x445;&#x438;&#x440; &#x41C;&#x43E;&#x445;&#x430;&#x43C;&#x430;&#x434;</subfield>
    <subfield code="f">1925-</subfield>
    <subfield code="3">RU\NLR\auth\779432</subfield>
    <subfield code="9">119261</subfield>
  </datafield>
  <datafield tag="801" ind1=" " ind2="0">
    <subfield code="a">RU</subfield>
    <subfield code="b">NLR</subfield>
    <subfield code="c">19991221</subfield>
    <subfield code="g">PSBO</subfield>
  </datafield>
  <datafield tag="801" ind1=" " ind2="1">
    <subfield code="a">RU</subfield>
    <subfield code="b">NLR</subfield>
    <subfield code="c">19991221</subfield>
  </datafield>
  <datafield tag="852" ind1=" " ind2=" ">
    <subfield code="a">NLR</subfield>
    <subfield code="j">99-3/16453</subfield>
  </datafield>
  <datafield tag="942" ind1=" " ind2=" ">
    <subfield code="c">BOOK</subfield>
  </datafield>
  <datafield tag="980" ind1=" " ind2=" ">
    <subfield code="a">NB</subfield>
  </datafield>
  <datafield tag="995" ind1=" " ind2=" ">
    <subfield code="5">2013-10-26</subfield>
    <subfield code="b">NLR01</subfield>
    <subfield code="c">NLR01</subfield>
    <subfield code="e">RF8</subfield>
    <subfield code="f">63319-10</subfield>
    <subfield code="k">99-3/16453</subfield>
    <subfield code="o">0</subfield>
    <subfield code="r">BOOK</subfield>
    <subfield code="s">99316453_</subfield>
  </datafield>
</record>
